U.S. Currency Denominations - Statistics

General Stats
  • This quiz has been taken 46 times
  • The average score is 11 of 12
Answer Stats
Name % Correct
1 Dollar Bill
98%
Penny
98%
100 Dollar Bill
95%
10 Dollar Bill
95%
20 Dollar Bill
95%
2 Dollar Bill
95%
50 Dollar Bill
95%
5 Dollar Bill
95%
Dime
90%
Quarter
90%
Nickel
88%
Half Dollar
80%
No matching quizzes found
Score Distribution
Percent of People with Each Score
Percentile by Number Answered
Your Score History
You have not taken this quiz